Dictionary of contemporary quotations.

Bibliographic Details
Other Authors: Burke, John Gordon, 1938-
Format: Journal
Language:English
Published: [Place of publication not identified] : John Gordon Burke, Publisher, Inc., [1976-]
Subjects:
Online Availability: Check for online availability

MARC

Tag First Indicator Second Indicator Subfields
LEADER 00000cas a2200000 4500
001 in00000083396
005 20151008061246.0
008 760907c19769999nyufr1p 0uuua0eng d
010 |a  76648900   |z sc 76000801  
012 |a 2  |l 1 
022 |a 0360-215X 
035 |a (OCoLC)02414700 
035 |9 AAJ7668AM 
037 |b Gaylord Professional Publications, P.O. Box 61, 13201 
040 |a NSD  |c NSD  |d DLC  |d NSD  |d m.c.  |d OCL  |d TXA  |d UtOrBLW 
042 |a nsdp  |a lc 
049 |a TXAE [Latest] [Ed: ref] 
050 0 0 |a PN6081  |b .D525 
082 0 |a 818/.02/05 
222 0 |a Dictionary of contemporary quotations 
245 0 0 |a Dictionary of contemporary quotations. 
246 0 8 |a DCQ 
264 1 |a [Place of publication not identified] :  |b John Gordon Burke, Publisher, Inc.,  |c [1976-] 
300 |a volumes ;  |c 28 cm. 
336 |a text  |b txt  |2 rdacontent 
337 |a unmediated  |b n  |2 rdamedia 
338 |a volume  |b nc  |2 rdacarrier 
500 |a Description based on: Volume 5. 
650 0 |a Quotations, English  |x Periodicals. 
700 1 |a Burke, John Gordon,  |d 1938- 
999 |a MARS 
999 f f |s 41033a48-c376-302f-978f-2879310e5929  |i 2621951a-ee58-31a6-8a52-3bd812175c9d  |t 0 
952 f f |p normal  |a Texas A&M University  |b College Station  |c Sterling C. Evans Library  |d Evans: Library Stacks  |t 0  |e PN6081 .D525  |h Library of Congress classification  |i unmediated -- volume  |k v.5  |l 1981  |m A14828835816 
998 f f |a PN6081 .D525  |s v.5 (1981)  |t 0  |l Evans: Library Stacks